000 00547nam a2200193Ia 4500
005 20260120124645.0
008 008 260114s9999 xx 000 0 eng d
020 _a9780762300556
037 _aEBOOK
040 _aCRL
_beng
_cCRL
041 _aeng
_2eng
084 _qCRL
100 _aPeter J. Boettke
_9908903
245 0 _aAdvances in Austrian Economics
260 _bEmerald Publishing
_c1996
856 _uhttps://www.emerald.com/insight/publication/doi/10.1016/S1529-2134(1996)3
942 _cEBOOK
999 _c1500817
_d1500817